ბათუმის შოთა რუსთაველის სახელმწიფო უნივერსიტეტის ბიბლიოთეკა

ზოგადსაგანმანათლებლო სისტემის დეცენტრალიზაცია (ბიბ.ჩანაწერი № 51386)

000 -LEADER
fixed length control field 01397nam a2200289Ia 4500
001 - CONTROL NUMBER
control field 18370
003 - CONTROL NUMBER IDENTIFIER
control field GE_BSU
008 - FIXED-LENGTH DATA ELEMENTS--GENERAL INFORMATION
fixed length control field 181216s||||||||xx |||||||||||||| ||und||
020 ## - INTERNATIONAL STANDARD BOOK NUMBER
International Standard Book Number 9789941050343
040 ## - CATALOGING SOURCE
Transcribing agency GE_BSU
080 ## - UNIVERSAL DECIMAL CLASSIFICATION NUMBER
Universal Decimal Classification number 373.3/5(479.22)
100 ## - MAIN ENTRY--PERSONAL NAME
Personal name ჯანაშია, სიმონ., გოგრგოძე, სოფიო., აბულაძე, ირინა., ანთაძე, ია., მოსიაშვილი, თამარ., და სხვ.
245 ## - TITLE STATEMENT
Title ზოგადსაგანმანათლებლო სისტემის დეცენტრალიზაცია
245 ## - TITLE STATEMENT
Remainder of title კრებული
245 ## - TITLE STATEMENT
Statement of responsibility, etc. რედ. თამარ ჩხაიძე.
250 ## - EDITION STATEMENT
Edition statement სამოქალაქო განვითარების ინ-ტი
260 ## - PUBLICATION, DISTRIBUTION, ETC.
Place of publication, distribution, etc. თბილისი
260 ## - PUBLICATION, DISTRIBUTION, ETC.
Name of publisher, distributor, etc. მწიგნობარი
260 ## - PUBLICATION, DISTRIBUTION, ETC.
Date of publication, distribution, etc. 2013
300 ## - PHYSICAL DESCRIPTION
Extent 182 გვ. : ცხრ., დიაგრ. ; 20 სმ.
300 ## - PHYSICAL DESCRIPTION
Accompanying material ბიბლიოგრ.: გვ. 181-182
653 ## - INDEX TERM--UNCONTROLLED
Uncontrolled term განათლება
653 ## - INDEX TERM--UNCONTROLLED
Uncontrolled term ზოგადსაგანმანათლებლო სისტემები
653 ## - INDEX TERM--UNCONTROLLED
Uncontrolled term ზოგადსაგანმანათლებლო სისტემის დეცენტრალიზაცია
942 ## - ADDED ENTRY ELEMENTS (KOHA)
Koha item type წიგნი
ეგზემპლარები
Withdrawn status Lost status Damaged status Not for loan Date acquired Barcode Date last seen Price effective from Koha item type
        2018-12-17 47068 2018-12-17 2018-12-17 წიგნი
        2018-12-17 47069 2018-12-17 2018-12-17 წიგნი
        2018-12-17 47070 2018-12-17 2018-12-17 წიგნი
        2018-12-17 47071 2018-12-17 2018-12-17 წიგნი
        2018-12-17 47072 2018-12-17 2018-12-17 წიგნი